| 000 | 00766nam a2200205 a 4500 | ||
|---|---|---|---|
| 001 | BRCA_4553 | ||
| 005 | 20190320204720.0 | ||
| 008 | 100913s2010 mx-ca#####---#000-0#spa-# | ||
| 041 | _aspa | ||
| 044 | _amx | ||
| 050 | 4 |
_aF1232 _b.I88 2010 |
|
| 100 | 1 |
_aIturriaga, José N. _99812 |
|
| 245 | 1 | 0 |
_aLa independencia y la revolución mexicanas en plumas extranjeras _b150 escritores de 26 países : siglos XIX-XX _cJosé N. Iturriaga. |
| 260 |
_aMéxico _bBiblioteca Mexicana de la Fundación Miguel Alemán _c2010 |
||
| 300 |
_a459 p. _bil., retratos _c21 cm. |
||
| 501 | _aIncluye anexo: País de origen de los 150 autores | ||
| 504 | _aBibliografía: p. 449-459 | ||
| 651 | 4 |
_aMéxico _vtextos _xIndependencia y revolución mexicanas _yXIX-XX _911531 |
|
| 942 |
_2lcc _cB |
||
| 999 |
_c4259 _d4259 |
||